000 00604nam a22001697a 4500
003 OSt
005 20260402150506.0
008 260402b |||||||| |||| 00| 0 eng d
040 _cMRSPTU
041 _aEnglish
100 _aPratiksha Sharma, Supervisor: Dr. Ashish Baldi
245 _aEnhancement of Oral Bioavailability of Arteether with the Help of Natural Bioenhancers (Piperine and Curcumin)
260 _bDepartment of Pharmacy, MRSPTU, Bathinda
_c2023
650 _aPharmaceutical Sciences and Technology
856 _uhttp://163.47.215.52:8080/jspui/handle/123456789/843
942 _2ddc
_cTH
_n0
999 _c11280
_d11280